| Tag |
First Indicator |
Second Indicator |
Subfields |
| LEADER |
00000cam a2200000 4500 |
| 001 |
in00000012169 |
| 005 |
20151007051755.0 |
| 008 |
721115m18301837gw d 00110 lat |
| 010 |
|
|
|a 11002309
|
| 035 |
|
|
|a (OCoLC)00494641
|
| 035 |
|
|
|9 AAA4722AM
|
| 040 |
|
|
|a DLC
|c HUC
|d SER
|d TXA
|d UtOrBLW
|
| 041 |
0 |
|
|a lat
|a ara
|
| 049 |
|
|
|a TXAM
|d [
|v =t.]
|v 1 [A11029941]
|v 2 [A11029991]
|v 3 [A11030049]
|v 4 [A11030099]
|
| 050 |
0 |
0 |
|a PJ6637
|b .F8
|
| 100 |
1 |
|
|a Freytag, Georg Wilhelm Friedrich,
|d 1788-1861.
|
| 245 |
1 |
0 |
|a Georgii Wilhelmi Freytagii Lexicon arabico-latinum praesertim ex Djeuharii Firuzbadiique et aliorum Arabum operibus :
|b adhibitis Golii quoque et aliorum libris confectum.
|
| 264 |
|
1 |
|a Halis Saxonum :
|b Apud C.A. Schwetschke et filium,
|c 1830-1837.
|
| 300 |
|
|
|a 4 volumes ;
|c 29 cm.
|
| 336 |
|
|
|a text
|b txt
|2 rdacontent
|
| 337 |
|
|
|a unmediated
|b n
|2 rdamedia
|
| 338 |
|
|
|a volume
|b nc
|2 rdacarrier
|
| 500 |
|
|
|a "Index vocum latinarum. Auctore Henrico Ernesto Bindseilo": volume 4. pages [527]-651.
|
| 650 |
|
0 |
|a Arabic language
|v Dictionaries
|x Latin.
|
| 650 |
|
0 |
|a Latin language
|v Dictionaries
|x Arabic.
|
| 700 |
1 |
|
|a Bindseil, Heinrich Ernst,
|d 1803-1876.
|
| 740 |
0 |
|
|a Lexicon arabico-latinum.
|
| 999 |
|
|
|a MARS
|
| 999 |
f |
f |
|s 68fa2858-9346-3d72-be5f-24d97eb14c72
|i 85aafdc2-c597-3265-9b0a-3a2ef4b73532
|t 0
|
| 952 |
f |
f |
|p ric
|a Texas A&M University
|b Rellis Campus
|c Joint Library Facility
|d Remote Storage
|t 0
|e PJ6637 .F8
|h Library of Congress classification
|i unmediated -- volume
|k t.3
|m A14811030049
|
| 952 |
f |
f |
|p ric
|a Texas A&M University
|b Rellis Campus
|c Joint Library Facility
|d Remote Storage
|t 0
|e PJ6637 .F8
|h Library of Congress classification
|i unmediated -- volume
|k t.2
|m A14811029991
|
| 952 |
f |
f |
|p ric
|a Texas A&M University
|b Rellis Campus
|c Joint Library Facility
|d Remote Storage
|t 0
|e PJ6637 .F8
|h Library of Congress classification
|i unmediated -- volume
|k t.4
|m A14811030099
|
| 952 |
f |
f |
|p ric
|a Texas A&M University
|b Rellis Campus
|c Joint Library Facility
|d Remote Storage
|t 0
|e PJ6637 .F8
|h Library of Congress classification
|i unmediated -- volume
|k t.1
|m A14811029941
|
| 998 |
f |
f |
|a PJ6637 .F8
|s t.1-t.4
|t 0
|l Remote Storage
|